Statistics for Countries Closest to Qatar - 15 Second Sprint

Click here to take the quiz!

General Stats

  • This quiz has been taken 32 times
  • The average score is 8 of 20

Answer Stats

km country miles % Correct
187Iran116
89%
0Saudi Arabia0
85%
1Bahrain1
81%
420Oman261
81%
31United Arab
Emirates
20
78%
618Yemen384
78%
493Iraq306
70%
379Kuwait236
59%
1620Israel1007
37%
1371Jordan852
33%
1340Syria833
30%
1020Afghanistan634
11%
1005Pakistan625
11%
1370Turkey852
7%
1555Djibouti967
4%
1378Somalia856
0%
1382Azerbaijan859
0%
1426Turkmenistan886
0%
1460Sudan907
0%
1473Eritrea915
0%

Score Distribution

Percentile by Number Answered

Percent of People with Each Score

Your Score History

You have not taken this quiz